000 00319nam a2200121Ia 4500
008 190415s9999 xx 000 0 und d
082 _aRI.0014
100 _aPande, K.C.
245 0 _aLinkage elite and fifth Lok Sabha elections : A case study in the context of Raj
260 _c1975
300 _a211p.
942 _cBK
999 _c16526
_d16526